| 000 | 00000nam 2200000za 4500 |
| 001 | 9.675959 |
| 003 | CaOODSP |
| 005 | 20220727140232 |
| 007 | cr ||||||||||| |
| 008 | 150407s1999 onc oss f000 0 eng d |
| 040 | |aCaOODSP|beng |
| 041 | |aeng|afre |
| 043 | |an-cn--- |
| 086 | 1 |aCS95-208/1999-PDF |
| 245 | 00|aProfile of census tracts in Regina and Saskatoon |h[electronic resource] = |bProfil des secteurs de recensement de Regina et Saskatoon. |
| 246 | 11|aProfil des secteurs de recensement de Regina et Saskatoon |
| 260 | |aOttawa : |bStatistics Canada = Statistique Canada, |c1999. |
| 500 | |aHistorical census publication digitized by Statistics Canada. |
| 546 | |aText in English and French. |
| 590 | |a12-44-Supp|b2012-12-13 |
| 690 | 07|aCensus|2gcpds |
| 710 | 2 |aStatistics Canada. |
| 792 | |tProfile of census tracts in Regina and Saskatoon |efre|w(CaOODSP)9.675960 |
| 856 | 40|ahttp://publications.gc.ca|qPDF|s12.9 MB|uhttps://publications.gc.ca/collections/collection_2012/statcan/rh-hc/CS95-208-1999.pdf |